東西南北端の大手私鉄駅 - Statistics

General Stats
  • This quiz has been taken 370 times
  • The average score is 37 of 64
Answer Stats
Answer % Correct
新宿
85%
新宿
85%
池袋
81%
渋谷
78%
小田原
78%
横浜
77%
横浜
77%
西船橋
74%
高尾山口
74%
泉岳寺
74%
近鉄名古屋
73%
西武秩父
73%
三崎口
73%
西武秩父
73%
近鉄名古屋
73%
橋本
72%
和光市
72%
橋本
72%
和光市
72%
大阪難波
71%
大阪難波
71%
新藤原
70%
中央林間
68%
海老名
66%
湘南台
65%
逗子・葉山
64%
目黒
64%
京都河原町
62%
日暮里
61%
中之島
60%
ちはら台
60%
羽田空港第1・第2ターミナル
60%
亀戸
59%
大牟田
59%
大井町
58%
賢島
57%
吉祥寺
57%
和歌山港
56%
豊川稲荷
55%
新開地
55%
新開地
55%
下高井戸
53%
嵐山
50%
伊勢崎
49%
開成
49%
新横浜
49%
汐見橋
49%
石山寺
47%
空港第2ビル
46%
西鉄福岡(天神)
44%
加太
42%
内海
41%
天満橋
41%
坂本比叡山口
41%
競艇場前
40%
新羽島
38%
西代
38%
西代
38%
西鉄新宮
37%
甘木
34%
常盤平
28%
新鎌ケ谷
25%
西宮
25%
顔戸
15%
No matching quizzes found
Score Distribution
Percent of People with Each Score
Percentile by Number Answered
Your Score History
You have not taken this quiz